| 000 | 00477nam a22001817a 4500 | ||
|---|---|---|---|
| 003 | NUST - PNEC | ||
| 005 | 20170116180818.0 | ||
| 008 | 150610b xxu||||| |||| 00| 0 eng d | ||
| 020 | _a0071003223 | ||
| 040 | _cLIBRARY | ||
| 082 | _a510 TRE | ||
| 100 |
_93833 _aTremblay, Jean-Paul |
||
| 245 |
_aDiscrete Mathematical Structures _cTREMBLAY J P |
||
| 260 |
_aNew York _bMcGraw-Hill Inc _cc1987. |
||
| 300 | _a606 p. : | ||
| 650 |
_93837 _aMathematical _xME |
||
| 942 |
_2ddc _cBK |
||
| 999 |
_c63602 _d63602 |
||